El rol profético de María

Kaydedildi:
Detaylı Bibliyografya
Yazar: Ossanna, Tulio Faustino (autor)
Materyal Türü: Kitap
Dil:İspanyolca
Baskı/Yayın Bilgisi: Bogotá Paulinas 1989
Edisyon:2a. ed
Konular:
Etiketler: Etiketle
Etiket eklenmemiş, İlk siz ekleyin!

MARC

LEADER 00000cam a2200000 a 4500
001 UCF7975
003 CL-VaPUC
008 130718e19890000CK |||||||||||||||||spa|d
020 |a 9586073092 
082 0 4 |a 232.91  |b OSS  |2 21 
100 |a Ossanna, Tulio Faustino  |e autor  |9 570061 
245 1 3 |a El rol profético de María 
250 |a 2a. ed 
300 |a 158 p 
942 |c BK 
945 |d 20130718 00:00:00  |a cmena 
260 |a Bogotá  |b Paulinas  |c 1989 
650 0 |a Mariología   |9 365249 
650 0 |a Profecías  |9 266038 
583 |a last modification  |c 20130718 10:54:00  |k Rodrigo Vera 
999 |c 352681  |d 352679 
952 |0 0  |1 0  |4 0  |6 232_910000000000000_OSS_1989  |7 0  |8 A  |9 457286  |a BIBTEO  |b BIBTEO  |d 2019-11-22  |i 4781139  |o 232.91 OSS 1989  |p 4781139  |r 2025-01-17  |w 2019-11-22  |y BK  |k ICR